000 00327nam a22001217a 4500
008 160507b xxu||||| |||| 00| 0 eng d
020 _a9780716728696
020 _a0716728699
041 _aeng
080 _a573
245 _aLife the science of biology:
_cWilliam K. Purvea; Gordon H. Orians; H. Craig Heller;
942 _2udc
_cBK
999 _c1905
_d1905